| 000 | 00000nam##2200000za#4500 |
| 001 | 9.616532 |
| 003 | CaOODSP |
| 005 | 20211126112847 |
| 007 | ta |
| 008 | 150406|2003||||xxc||||| f|0| 0 eng|d |
| 022 | |a1192-5434 |
| 040 | |aCaOODSP|beng |
| 043 | |an-cn--- |
| 086 | 1 |aFB3-2/103-23E |
| 110 | 2 |aBank of Canada. |
| 245 | 10|aWhat does the risk-appetite index measure? / |cby Miroslav Misina. |
| 260 | |aOttawa - Ontario : |bBank of Canada |c2003. |
| 300 | |avi, 19p. : |breferences ; |c28 cm. |
| 490 | 1 |aWorking paper|x1192-5434|v2003-23 |
| 520 | 3 |aThis working paper is part of a series that examines a range of economic and financial issues of interest to bankers, economists and policymakers. |
| 546 | |a(Résumés en français.) |
| 563 | |aSoftcover |
| 590 | |a03-38|b2003-09-19 |
| 690 | 07|aEconomy|2gcpds |
| 690 | 07|aFinance|2gcpds |
| 720 | 1 |aMisina, Miroslav |
| 776 | 0#|tWhat does the risk-appetite index measure? / |w(CaOODSP)9.580577 |
| 830 | #0|aWorking paper,|x1192-5434|v2003-23|w(CaOODSP)9.514622 |